New Furniture Design (Record no. 10963)

MARC details
000 -CABECERA
campo de control de longitud fija 01267nam a22003377a 4500
001 - NÚMERO DE CONTROL
campo de control BRCA_9341
003 - IDENTIFICADOR DEL NÚMERO DE CONTROL
campo de control FranzMayer
005 - FECHA Y HORA DE LA ÚLTIMA TRANSACCIÓN
campo de control 20230918121124.0
008 - DATOS DE LONGITUD FIJA--INFORMACIÓN GENERAL
campo de control de longitud fija 230825b |||||||| |||| 00| 0 eng d
020 ## - NÚMERO INTERNACIONAL ESTÁNDAR DEL LIBRO
Número Internacional Estándar del Libro 397718281
040 ## - FUENTE DE LA CATALOGACIÓN
Centro catalogador/agencia de origen MFM
Lengua de catalogación español
Centro/agencia transcriptor MFM
050 #0 - SIGNATURA TOPOGRÁFICA DE LA BIBLIOTECA DEL CONGRESO
Número de clasificación NK2115.5.F77
Número de documento/Ítem .D33 2005
110 1# - ENTRADA PRINCIPAL--NOMBRE DE ENTIDAD CORPORATIVA
Código de función/relación Responsable
Nombre de entidad corporativa o nombre de jurisdicción como elemento de entrada Daab
9 (RLIN) 29211
240 ## - TÍTULO UNIFORME
Título uniforme New Furniture Design
Lenguaje de la obra Inglés/francés
245 0# - MENCIÓN DE TÍTULO
Título New Furniture Design
260 ## - PUBLICACIÓN, DISTRIBUCIÓN, ETC.
Lugar de publicación, distribución, etc. España
Nombre del editor, distribuidor, etc. Anman grafiques del vales
Fecha de publicación, distribución, etc. 2005
300 ## - DESCRIPCIÓN FÍSICA
Extensión 189 p
Otras características físicas Ilustraciones a color
Dimensiones 17 cm
500 ## - NOTA GENERAL
Nota general Anexo 1
505 ## - NOTA DE CONTENIDO CON FORMATO
Nota de contenido con formato Texto en: inglés y francésincluye índice temáticoDirigido a: artistas, diseñadores de interiores y arquitectos
650 1# - PUNTO DE ACCESO ADICIONAL DE MATERIA--TÉRMINO DE MATERIA
Fuente del encabezamiento o término Artes decorativas
Término de materia o nombre geográfico como elemento de entrada Artes aplicativas
Subdivisión de forma Diseño de interiores
9 (RLIN) 29212
651 2# - PUNTO DE ACCESO ADICIONAL DE MATERIA--NOMBRE GEOGRÁFICO
Fuente del encabezamiento o término Diseño contemporáneo
Nombre geográfico Diseño de casas
Subdivisión de forma Diseño de meubles
9 (RLIN) 29213
700 1# - PUNTO DE ACCESO ADICIONAL--NOMBRE DE PERSONA
Código de función/relación Edit.
Nombre de persona Rolshoven, Martin.
9 (RLIN) 29214
700 1# - PUNTO DE ACCESO ADICIONAL--NOMBRE DE PERSONA
Código de función/relación Org.
Nombre de persona Gracia Blanco, Ignasi
9 (RLIN) 29215
700 1# - PUNTO DE ACCESO ADICIONAL--NOMBRE DE PERSONA
Código de función/relación Trad. Franc.
Nombre de persona Westerhoff, Marion
9 (RLIN) 29216
700 1# - PUNTO DE ACCESO ADICIONAL--NOMBRE DE PERSONA
Código de función/relación Trad. Ita.
Nombre de persona Siliato, Maurizio
9 (RLIN) 29217
700 1# - PUNTO DE ACCESO ADICIONAL--NOMBRE DE PERSONA
Código de función/relación Trad. Esp.
Nombre de persona Dallo, Eva
9 (RLIN) 29218
700 1# - PUNTO DE ACCESO ADICIONAL--NOMBRE DE PERSONA
Código de función/relación Trad. Ing.
Nombre de persona Clarke, Matthew
9 (RLIN) 29219
700 1# - PUNTO DE ACCESO ADICIONAL--NOMBRE DE PERSONA
Código de función/relación Cop.
Nombre de persona González, Susana
9 (RLIN) 29220
856 ## - LOCALIZACIÓN Y ACCESO ELECTRÓNICOS
Especificación de materiales www.daab-online.de
942 ## - ELEMENTOS DE PUNTO DE ACCESO ADICIONAL (KOHA)
Fuente del sistema de clasificación o colocación Library of Congress Classification
Tipo de ítem Koha Libros
Holdings
Estado de retiro Estado de pérdida Fuente del sistema de clasificación o colocación Estado dañado No para préstamo Código de colección Localización permanente Ubicación/localización actual Fecha de adquisición Total de préstamos Signatura topográfica completa Código de barras Fecha visto por última vez Precio válido a partir de Tipo de ítem Koha
El ejemplar forma parte de la colección y puede ser consultado según las políticas vigentes.   Library of Congress Classification     Fondo Contemporáneo Biblioteca del Museo Franz Mayer (Rogerio Casas-Alatriste) Biblioteca del Museo Franz Mayer (Rogerio Casas-Alatriste) 25/08/2023   NK2115.5.F77 .D33 2005 CONT10097 25/08/2023 25/08/2023 Libros